[Event "Verbandsliga Suedbaden 2324"]
[Site "Baden"]
[Date "2024.02.18"]
[Round "6.6"]
[White "Dittmar, Hans Joachim"]
[Black "Riehle, Klaus"]
[Result "0-1"]
[WhiteElo "2095"]
[BlackElo "2037"]
[PlyCount "70"]
[EventDate "2023.09.24"]
[EventType "team-tourn"]
[EventRounds "9"]
[EventCountry "GER"]
[SourceTitle "EXT 2025"]
[Source "ChessBase"]
[SourceDate "2024.10.14"]
[SourceVersion "1"]
[SourceVersionDate "2024.10.14"]
[SourceQuality "1"]
[WhiteTeam "Villingen/Schwenningen"]
[BlackTeam "Sasbach"]
[WhiteTeamCountry "GER"]
[BlackTeamCountry "GER"]

1. e4 e5 2. Nf3 Nf6 3. Nc3 Nc6 4. d4 exd4 5. Nxd4 Bb4 6. Nxc6 bxc6 7. Bd3 d5 8. Bd2 0-0 9. 0-0 Bxc3 10. Bxc3 dxe4 11. Bxf6 Qxf6 12. Bxe4 Qxb2 13. Bxc6 Rb8 14. Rb1 Qxb1 15. Qxb1 Rxb1 16. Rxb1 Rd8 17. h3 Kf8 18. Be4 Ke7 19. Bd3 Rd6 20. Kf1 Ba6 21. Ke2 Bxd3+ 22. cxd3 Rb6 23. Rd1 Kd6 24. Rd2 Kd5 25. Rc2 c5 26. Kd2 f5 27. f4 h5 28. Kc3 Rb4 29. g3 Rb1 30. Re2 Rc1+ 31. Kb2 Rg1 32. Re5+ Kd4 33. Rxf5 Rxg3 34. Rg5 Rxg5 35. fxg5 Kxd3 0-1

[Event "Baden-ch Seniors"]
[Site "Haslach im Kinzigtal"]
[Date "2010.06.04"]
[Round "7"]
[White "Cerff, Peter"]
[Black "Dittmar, Hans Joachim"]
[Result "0-1"]
[WhiteElo "1939"]
[BlackElo "2073"]
[PlyCount "52"]
[EventDate "2010.05.29"]
[EventType "swiss"]
[EventRounds "9"]
[EventCountry "GER"]
[SourceTitle "EXT 2011"]
[Source "ChessBase"]
[SourceDate "2010.11.26"]
[SourceVersion "1"]
[SourceVersionDate "2010.11.26"]
[SourceQuality "1"]

1. d4 Nf6 2. Nf3 d5 3. e3 Bf5 4. c4 e6 5. Nc3 c6 6. Ne5 Nbd7 7. f4 Ne4 8. Nxe4 Bxe4 9. Qh5 Bb4+ 10. Kf2 0-0 11. a3 Nxe5 12. axb4 Nxc4 13. Bxc4 dxc4 14. Ra5 b6 15. Re5 Bf5 16. g4 f6 17. Rxf5 exf5 18. Qxf5 Qe7 19. Bd2 Rad8 20. Ra1 Rfe8 21. Ra3 c5 22. bxc5 bxc5 23. Ba5 cxd4 24. Bxd8 dxe3+ 25. Ke2 Qb7 26. Bxf6 Qg2+ 0-1

[Event "Baden-ch Seniors"]
[Site "Haslach im Kinzigtal"]
[Date "2010.05.30"]
[Round "2"]
[White "Dittmar, Hans Joachim"]
[Black "Schnell, Franz"]
[Result "1/2-1/2"]
[WhiteElo "2073"]
[BlackElo "1893"]
[PlyCount "124"]
[EventDate "2010.05.29"]
[EventType "swiss"]
[EventRounds "9"]
[EventCountry "GER"]
[SourceTitle "EXT 2011"]
[Source "ChessBase"]
[SourceDate "2010.11.26"]
[SourceVersion "1"]
[SourceVersionDate "2010.11.26"]
[SourceQuality "1"]

1. e4 d6 2. d4 Nf6 3. Nc3 Nbd7 4. Nf3 e5 5. Bc4 Be7 6. Bb3 0-0 7. 0-0 exd4 8. Qxd4 c5 9. Qd1 a6 10. a4 h6 11. Bf4 Qc7 12. Bd5 Nb6 13. Ba2 Be6 14. Bxe6 fxe6 15. e5 dxe5 16. Bxe5 Qc6 17. Qe2 Rad8 18. Rfe1 Nbd5 19. Nh4 Rf7 20. Ng6 Bf8 21. h3 Ne7 22. Nf4 Nfd5 23. Qg4 Nxf4 24. Bxf4 Nf5 25. Rad1 Rxd1 26. Rxd1 Rd7 27. Be5 Rxd1+ 28. Qxd1 Bd6 29. Bxd6 Qxd6 30. Qxd6 Nxd6 31. b3 Kf7 32. Kf1 g5 33. Ke2 Kf6 34. Kd3 Ke5 35. g3 b5 36. axb5 axb5 37. Ne2 c4+ 38. Ke3 Nf5+ 39. Kd2 Nd4 40. bxc4 bxc4 41. c3 Nxe2 42. Kxe2 Kf5 43. Ke3 e5 44. g4+ Kf6 45. Ke4 Ke6 46. f3 Kd6 47. Kf5 Kd5 48. Kg6 e4 49. fxe4+ Kxe4 50. Kxh6 Kd3 51. Kxg5 Kxc3 52. Kh5 Kd4 53. g5 c3 54. g6 c2 55. g7 c1Q 56. g8Q Qc5+ 57. Qg5 Qf8 58. h4 Ke4 59. Qg2+ Ke5 60. Qg6 Qh8+ 61. Kg5 Qd8+ 62. Kg4 Qc8+ 1/2-1/2

[Event "GER Seniors Derby 08th"]
[Site "Wesel Undeloh"]
[Date "2009.04.18"]
[Round "5.2"]
[White "Boehm, Erwin"]
[Black "Dittmar, Hans Joachim"]
[Result "0-1"]
[WhiteElo "2165"]
[BlackElo "2056"]
[PlyCount "42"]
[EventDate "2009.04.16"]
[EventType "swiss"]
[EventRounds "7"]
[EventCountry "GER"]
[SourceTitle "EXT 2022"]
[Source "ChessBase"]
[SourceDate "2021.10.06"]
[SourceVersion "1"]
[SourceVersionDate "2021.10.06"]
[SourceQuality "1"]

1. e4 c5 2. Nc3 d6 3. g3 Nc6 4. Bg2 e5 5. d3 Nf6 6. h3 g6 7. Be3 Bg7 8. Qd2 0-0 9. f4 Nh5 10. Nge2 Nd4 11. 0-0 Rb8 12. f5 gxf5 13. exf5 Nxf5 14. g4 Nxe3 15. Qxe3 Nf6 16. Ng3 e4 17. Ngxe4 Nxg4 18. Qg3 Be5 19. Qf3 Qh4 20. hxg4 Bh2+ 21. Kh1 Bg3+ 0-1

[Event "GER Seniors Derby 08th"]
[Site "Wesel Undeloh"]
[Date "2009.04.18"]
[Round "6.3"]
[White "Dittmar, Hans Joachim"]
[Black "Ketzscher, Roland"]
[Result "1/2-1/2"]
[WhiteElo "2056"]
[BlackElo "1922"]
[PlyCount "80"]
[EventDate "2009.04.16"]
[EventType "swiss"]
[EventRounds "7"]
[EventCountry "GER"]
[SourceTitle "EXT 2022"]
[Source "ChessBase"]
[SourceDate "2021.10.06"]
[SourceVersion "1"]
[SourceVersionDate "2021.10.06"]
[SourceQuality "1"]

1. e4 e6 2. d4 d5 3. Nc3 Bb4 4. e5 Ne7 5. Nf3 c5 6. a3 Bxc3+ 7. bxc3 Qa5 8. Qd2 Bd7 9. Be2 Ba4 10. Ra2 Nbc6 11. 0-0 Nf5 12. Rd1 Rc8 13. Qf4 Bb5 14. Bxb5 Qxb5 15. Rb2 Qa6 16. dxc5 0-0 17. g4 Nfe7 18. Be3 Na5 19. Rdb1 Rc7 20. Bd4 Nc4 21. Rb3 Nc6 22. Ra1 Qa4 23. Ne1 N4a5 24. Rbb1 Nb8 25. Rb4 Qc6 26. Nd3 Na6 27. Rbb1 Qa4 28. Qc1 Nc4 29. Rb3 Na5 30. Rb4 Qd7 31. Rab1 Nc4 32. a4 Qe7 33. Qf4 Qh4 34. Qg3 Qxg3+ 35. hxg3 Nd2 36. Rd1 Ne4 37. f3 Nexc5 38. Nxc5 Nxc5 39. Rdb1 b6 40. a5 Rc6 1/2-1/2

[Event "GER Seniors Derby 08th"]
[Site "Wesel Undeloh"]
[Date "2009.04.16"]
[Round "2.3"]
[White "Dittmar, Hans Joachim"]
[Black "Klemm, Guenther"]
[Result "1-0"]
[WhiteElo "2056"]
[BlackElo "1805"]
[PlyCount "81"]
[EventDate "2009.04.16"]
[EventType "swiss"]
[EventRounds "7"]
[EventCountry "GER"]
[SourceTitle "EXT 2022"]
[Source "ChessBase"]
[SourceDate "2021.10.06"]
[SourceVersion "1"]
[SourceVersionDate "2021.10.06"]
[SourceQuality "1"]

1. e4 d5 2. exd5 Nf6 3. Nf3 Nxd5 4. d4 Bg4 5. Be2 Nc6 6. 0-0 e6 7. h3 Bh5 8. b3 Bb4 9. Bd2 Bxd2 10. Qxd2 Qf6 11. Nc3 Nf4 12. Ne4 Nxe2+ 13. Qxe2 Qe7 14. c3 0-0 15. Qe3 Rad8 16. Rfe1 Bxf3 17. Qxf3 Rd5 18. Nc5 b6 19. Nd3 Rfd8 20. Nf4 R5d6 21. Re3 Qg5 22. Rae1 Re8 23. d5 Nd8 24. Re5 Qf6 25. Qg3 g6 26. c4 Qe7 27. h4 f6 28. R5e3 e5 29. Nxg6 Qg7 30. Nf4 c6 31. Qh3 Qf7 32. Qf5 Kh8 33. dxc6 Rg8 34. c7 Qxc7 35. Nd5 Qf7 36. f4 Qg7 37. R1e2 Nc6 38. Rf2 Nd4 39. Qe4 Qg4 40. fxe5 fxe5 41. Qxe5+ 1-0

[Event "Verbandsliga Sued Baden 0506"]
[Site "Germany"]
[Date "2006.05.07"]
[Round "9.1"]
[White "Marzolf, Bruno"]
[Black "Dittmar, Hans Joachim"]
[Result "1-0"]
[WhiteElo "2214"]
[BlackElo "2048"]
[PlyCount "45"]
[EventDate "2005.10.16"]
[EventType "team-tourn"]
[EventRounds "9"]
[EventCountry "GER"]
[SourceTitle "EXT 2007"]
[Source "ChessBase"]
[SourceDate "2006.11.23"]
[SourceVersion "1"]
[SourceVersionDate "2006.11.23"]
[SourceQuality "1"]
[WhiteTeam "Kehl"]
[BlackTeam "Villingen"]
[WhiteTeamCountry "GER"]
[BlackTeamCountry "GER"]

1. e4 c5 2. Nf3 d6 3. d4 cxd4 4. Nxd4 Nf6 5. Nc3 a6 6. Be2 e6 7. 0-0 Nbd7 8. Be3 Qc7 9. f4 b5 10. Bd3 Bb7 11. a3 Nb6 12. Qe2 Rc8 13. Rad1 d5 14. e5 Nfd7 15. f5 Qxe5 16. Qf2 Nc4 17. Bxc4 Rxc4 18. fxe6 Nf6 19. exf7+ Kxf7 20. Nf3 Qf5 21. Ng5+ Qxg5 22. Bxg5 Bc5 23. Be3 1-0